书目信息 |
| 题名: |
摄影知识手册
|
|
| 作者: | 赵仰山 编 | |
| 分册: | ||
| 出版信息: | 太原 山西人民出版社 1985.10 |
|
| 页数: | 367页 | |
| 开本: | 20cm | |
| 丛书名: | ||
| 单 册: | ||
| 中图分类: | TB8-62 | |
| 科图分类: | ||
| 主题词: | 摄影技术 | |
| 电子资源: | ||
| ISBN: | ||
| 000 | 00544nam0 2200193 45 | |
| 001 | 0312221749 | |
| 005 | 20031222170909.7 | |
| 010 | @dCNY2.10 | |
| 100 | @a20031222d1985 km y0chiy0120 ea | |
| 101 | @achi | |
| 105 | @a z 000yy | |
| 200 | 1 | @a摄影知识手册@AShe Ying Zhi Shi Shou Ce@f赵仰山等编@FZhao Yang Shan Deng Bian |
| 210 | @a太原@c山西人民出版社@d1985.10 | |
| 215 | @a367页@d20cm | |
| 606 | 0 | @a摄影技术 |
| 690 | @aTB8-62@v3 | |
| 701 | 0 | @a赵仰山@4编 |
| 801 | @aCN@bTSTCL@c20031222 | |
| 905 | @a213230@dTB8-62@e107@b149797@f1@b167942@f1 | |
| 摄影知识手册/赵仰山等编.-太原:山西人民出版社,1985.10 |
| 367页;20cm |
| ISBN :CNY2.10 |
| ● |
| 相关链接 |
|
|
|
|
正题名:摄影知识手册
索取号:TB8-62/107
 
预约/预借
| 序号 | 登录号 | 条形码 | 馆藏地/架位号 | 状态 | 备注 |
| 1 | 0149797 | 001361261 | 第三借阅区/ [索取号:TB8-62/107] | 在馆 | |
| 2 | 0167942 | 001360832 | 第三借阅区/ [索取号:TB8-62/107] | 在馆 |